[Event "The Second Jerusalem Open"]
[Site "SchemingMind.com"]
[Date "2008.09.08"]
[Round "-"]
[White "Dr_Pat"]
[Black "reptile"]
[Result "1-0"]
[WhiteCountry "USA"]
[BlackCountry "ISR"]
[WhiteElo "2022"]
[WhiteRD "57"]
[BlackElo "1881"]
[BlackRD "83"]
[GameID "170299"]

1. d4 Nf6 2. c4 c5 3. d5 b5 4. cxb5 a6 5. e3 g6 6. Nc3 Bg7 7. Nf3 d6 8. Be2 O-O 9. O-O Nbd7 10. e4 axb5
11. Bxb5 Qb6 12. a4 Ba6 13. a5 Qc7 14. Qe2 Nb8 15. Rd1 Ng4 16. Bf4 e5 17. dxe6 Ne5 18. Bxa6 Rxa6 19. Ng5 f6 20. Bxe5 dxe5
21. Qc4 Qe7 22. Nd5 Qb7 23. e7
1-0

[Event "The Second Jerusalem Open"]
[Site "SchemingMind.com"]
[Date "2008.09.08"]
[Round "-"]
[White "reptile"]
[Black "Dr_Pat"]
[Result "0-1"]
[WhiteCountry "ISR"]
[BlackCountry "USA"]
[WhiteElo "1917"]
[WhiteRD "78"]
[BlackElo "2106"]
[BlackRD "52"]
[GameID "170300"]

1. e4 Nf6 2. e5 Nd5 3. Nf3 d6 4. d4 Bg4 5. Be2 e6 6. O-O Be7 7. c4 Nb6 8. b3 O-O 9. Bb2 Nc6 10. Nbd2 dxe5
11. dxe5 Bf5 12. a3 a5 13. Re1 f6 14. Qc1 Nd7 15. exf6 Bxf6 16. Bf1 Nc5 17. Re3 Qe7 18. Bxf6 Qxf6 19. Qc3 Rad8 20. Qxf6 gxf6
21. Rae1 Rf7 22. h3 Rfd7 23. g4 Bc2 24. R3e2 Nd3 25. Ra1 Nf4 26. Re3 Rxd2 27. Nxd2 Rxd2 28. Rf3 e5 29. Re3 Nd4 30. Bg2 Bxb3
31. g5 Bxc4 32. gxf6 Nc2 33. Rg3+ Kf8 34. Rb1 Ne2+ 35. Kh2 Nxg3 36. Kxg3 b5 37. Be4 Nxa3 38. Rg1 b4 39. Bxh7 Bd3 40. Bxd3 Rxd3+
41. Kg4 b3
0-1

[Event "The Second Jerusalem Open"]
[Site "SchemingMind.com"]
[Date "2008.09.10"]
[Round "-"]
[White "smothered mate"]
[Black "reptile"]
[Result "0-1"]
[WhiteCountry "POL"]
[BlackCountry "ISR"]
[WhiteElo "1868"]
[WhiteRD "56"]
[BlackElo "1983"]
[BlackRD "83"]
[GameID "170648"]

1. e4 c5 2. c3 d5 3. exd5 Qxd5 4. d4 Nf6 5. Nf3 e6 6. Be3 cxd4 7. cxd4 Bb4+ 8. Nc3 O-O 9. Bd3 b6 10. O-O Bxc3
11. bxc3 Ba6 12. Bc2 Bxf1 13. Qxf1 Nbd7 14. Qd3 Rac8 15. g4 Qc4 16. Qd1 Qxc3 17. Rc1 Qa3 18. g5 Nd5 19. Bd2 b5 20. Nh4 Rxc2
21. Qxc2 a6 22. Rb1 Qh3 23. Qe4 Nc3 24. Bxc3 Qxc3 25. Nf3 Rc8 26. Qb7 Qc6 27. Qxc6 Rxc6 28. Rb2 Nb6 29. Kg2 Rc4 30. Rd2 Kf8
31. Ne5 Rc1 32. Rd3 Ke7 33. a3 Nd5 34. Kf3 f6 35. gxf6+ gxf6 36. Ng4 Rc3 37. Rxc3 Nxc3 38. Ne3 a5 39. Kf4 Kd6 40. Nc2 Nd5+
41. Ke4 f5+ 42. Kd3 Nf6 43. f3 Nh5 44. Ke3 Kd5 45. Kd3 h6 46. Ne3+ Kd6 47. Kc3 Nf4 48. Kc2 Nd5 49. Nd1 e5 50. Kd3 Nf4+
51. Ke3 Ng2+ 52. Kd3 Nh4 53. dxe5+ Kxe5 54. Ke3 Ng2+ 55. Kf2 Nf4 56. Nc3 b4 57. axb4 axb4 58. Nb1 Kd4 59. Ke1 Ke3 60. Nd2 Ng2+
61. Kd1 Nh4 62. Nc4+ Kxf3 63. Ne5+ Kg2 64. Nf7 h5 65. Ne5 f4 66. Nd3 f3 67. Nxb4 f2
0-1

[Event "The Second Jerusalem Open"]
[Site "SchemingMind.com"]
[Date "2008.09.10"]
[Round "-"]
[White "smothered mate"]
[Black "Dr_Pat"]
[Result "0-1"]
[WhiteCountry "POL"]
[BlackCountry "USA"]
[WhiteElo "1877"]
[WhiteRD "53"]
[BlackElo "1985"]
[BlackRD "61"]
[GameID "170649"]

1. d4 d5 2. c4 dxc4 3. e3 Nf6 4. Bxc4 e6 5. Nf3 Bd6 6. O-O O-O 7. Nc3 c5 8. a3 cxd4 9. exd4 Nc6 10. Re1 Bd7
11. Bg5 Be7 12. Qd2 h6 13. Be3 Rc8 14. Ba2 Bd6 15. Rad1 Ne7 16. Ne5 Bc6 17. Nxf7 Kxf7 18. Bxh6 gxh6 19. Bxe6+ Kg7 20. Bxc8 Qxc8
21. d5 Nexd5 22. Nxd5 Bxd5 23. Qa5 Bc5 24. b4 Bxf2+ 25. Kxf2 Qc2+
0-1

[Event "The Second Jerusalem Open"]
[Site "SchemingMind.com"]
[Date "2008.09.11"]
[Round "-"]
[White "reptile"]
[Black "smothered mate"]
[Result "1-0"]
[WhiteCountry "ISR"]
[BlackCountry "POL"]
[WhiteElo "1917"]
[WhiteRD "78"]
[BlackElo "1882"]
[BlackRD "54"]
[GameID "170650"]

1. d4 d5 2. c4 e6 3. Nc3 c5 4. cxd5 exd5 5. Nf3 Nc6 6. g3 cxd4 7. Nxd4 a6 8. Bg2 Nf6 9. O-O Be7 10. Nxc6 bxc6
11. Be3 O-O 12. Rc1 Be6 13. Na4 Qd7 14. Bc5 Bxc5 15. Nxc5 Qd6 16. Qa4 Bc8 17. Rfd1 Qe5 18. Qxc6 Ra7 19. Qb6 Re7 20. e3 Bg4
21. Rd2 Rfe8 22. Qxa6 h5 23. Nb3 Re6 24. Qd3 Ne4 25. Rdc2 Rf6 26. Nd4 Ng5 27. Rc6 h4 28. Rxf6 gxf6 29. a4 h3 30. Bh1 Ne4
31. a5 Nd6 32. a6 Nc4 33. Rxc4 dxc4 34. Qxc4 Qa5 35. b4 Qa4 36. Nc6 Kg7 37. Qxg4+ Kf8 38. Qxh3 Qxa6 39. Qh8#
1-0

[Event "The Second Jerusalem Open"]
[Site "SchemingMind.com"]
[Date "2008.09.10"]
[Round "-"]
[White "Dr_Pat"]
[Black "smothered mate"]
[Result "1-0"]
[WhiteCountry "USA"]
[BlackCountry "POL"]
[WhiteElo "1985"]
[WhiteRD "61"]
[BlackElo "1877"]
[BlackRD "53"]
[GameID "170651"]

1. d4 d5 2. c4 e6 3. Nc3 c5 4. cxd5 exd5 5. Nf3 Nc6 6. dxc5 d4 7. Na4 Bxc5 8. Nxc5 Qa5+ 9. Bd2 Qxc5 10. Rc1 Qe7
11. Qa4 Bd7 12. Nxd4 Ne5 13. Qb3 Nf6 14. e3 Ne4 15. Qxb7
1-0

[Event "The Second Jerusalem Open"]
[Site "SchemingMind.com"]
[Date "2008.09.10"]
[Round "-"]
[White "MarketTheHay"]
[Black "reptile"]
[Result "0-1"]
[WhiteCountry "ENG"]
[BlackCountry "ISR"]
[WhiteElo "1861"]
[WhiteRD "75"]
[BlackElo "1881"]
[BlackRD "83"]
[GameID "170706"]

1. e4 e5 2. Bc4 Bc5 3. Nc3 Nf6 4. f4 d6 5. d3 Nc6 6. a3 a6 7. Nf3 Ng4 8. d4 exd4 9. Na4 Ba7 10. Ng5 O-O
11. Nxf7 Rxf7 12. Bxf7+ Kxf7 13. b4 Qf6 14. Qd3 Bd7 15. Bd2 Re8 16. O-O Qh4 17. h3 Nf6 18. Rae1 Kf8 19. Nb2 Kg8 20. Nd1 b5
21. Nf2 Be6 22. g3 Qh5
0-1

[Event "The Second Jerusalem Open"]
[Site "SchemingMind.com"]
[Date "2008.09.13"]
[Round "-"]
[White "MarketTheHay"]
[Black "Dr_Pat"]
[Result "0-1"]
[WhiteCountry "ENG"]
[BlackCountry "USA"]
[WhiteElo "1861"]
[WhiteRD "75"]
[BlackElo "2022"]
[BlackRD "57"]
[GameID "170707"]

1. e4 Nf6 2. Nc3 d5 3. e5 Nfd7 4. e6 fxe6 5. Nf3 c5 6. d4 Nc6 7. Bd3 g6 8. Ng5 Nxd4 9. Nxh7 Ne5 10. Nxf8 Rxf8
11. Bh6 Rg8 12. Bf4 Qd6 13. Bxg6+ Kd8 14. Qh5 Nef3+ 15. gxf3 Qxf4 16. Rd1 Qxf3 17. Qxf3 Nxf3+
0-1

[Event "The Second Jerusalem Open"]
[Site "SchemingMind.com"]
[Date "2008.09.10"]
[Round "-"]
[White "reptile"]
[Black "MarketTheHay"]
[Result "1-0"]
[WhiteCountry "ISR"]
[BlackCountry "ENG"]
[WhiteElo "1881"]
[WhiteRD "83"]
[BlackElo "1861"]
[BlackRD "75"]
[GameID "170709"]

1. d4 Nf6 2. c4 c5 3. d5 e6 4. Nc3 exd5 5. cxd5 d6 6. e4 g6 7. f4 Bg7 8. Bb5+ Nfd7 9. Nf3 a6 10. Bd3 b5
11. Be3 O-O 12. O-O Nf6 13. Qd2 Ng4 14. Rab1 Nxe3 15. Qxe3 Nd7 16. e5 dxe5 17. fxe5 Nxe5 18. Nxe5 Re8 19. Qf2 Bxe5 20. Qxf7+ Kh8
21. Bxg6 hxg6 22. Qxg6 Bd7 23. Qh5+ Kg8 24. Rf7
1-0

[Event "The Second Jerusalem Open"]
[Site "SchemingMind.com"]
[Date "2008.09.15"]
[Round "-"]
[White "Dr_Pat"]
[Black "MarketTheHay"]
[Result "1-0"]
[WhiteCountry "USA"]
[BlackCountry "ENG"]
[WhiteElo "2022"]
[WhiteRD "57"]
[BlackElo "1861"]
[BlackRD "75"]
[GameID "170710"]

1. d4 Nf6 2. c4 c5 3. d5 e6 4. Nc3 exd5 5. cxd5 d6 6. e4 g6 7. f4 Bg7 8. Bb5+ Nfd7 9. Nf3 a6 10. Bd3 b5
11. O-O O-O 12. Kh1 Nb6 13. e5 Bg4 14. a4 b4 15. a5 bxc3 16. axb6 dxe5 17. Qb3 exf4 18. bxc3 Qd6 19. Ng5
1-0

[Event "The Second Jerusalem Open"]
[Site "SchemingMind.com"]
[Date "2008.09.11"]
[Round "-"]
[White "smothered mate"]
[Black "MarketTheHay"]
[Result "1-0"]
[WhiteCountry "POL"]
[BlackCountry "ENG"]
[WhiteElo "1886"]
[WhiteRD "52"]
[BlackElo "1861"]
[BlackRD "75"]
[GameID "170711"]

1. d4 Nf6 2. c4 c5 3. e3 g6 4. Nf3 Bg7 5. Nc3 O-O 6. Be2 d6 7. h3 a6 8. a3 Nc6 9. O-O h6 10. Rb1 Bf5
11. Bd3 Bxd3 12. Qxd3 e5 13. d5 Ne7 14. e4 Nh7 15. b4 b6 16. Be3 f5 17. bxc5 bxc5 18. Na4 Nf6 19. Nd2 f4 20. Bxc5 dxc5
21. Nxc5 Nd7 22. Ne6
1-0

[Event "The Second Jerusalem Open"]
[Site "SchemingMind.com"]
[Date "2008.09.15"]
[Round "-"]
[White "calidore"]
[Black "reptile"]
[Result "1/2-1/2"]
[WhiteCountry "ISR"]
[BlackCountry "ISR"]
[WhiteElo "1868"]
[WhiteRD "71"]
[BlackElo "1905"]
[BlackRD "73"]
[GameID "170713"]

1. e4 e5 2. Nf3 Nc6 3. Bc4 Bc5 4. b4 Bxb4 5. c3 Ba5 6. d4 exd4 7. O-O Nge7 8. cxd4 d5 9. exd5 Nxd5 10. Ng5 Nce7
11. Ba3 c6 12. Bxe7 Qxe7 13. Bxd5 Qxg5 14. Qe2+ Qe7 15. Bxf7+ Kd8 16. Qh5 Bb4 17. a3 Bd6 18. Bb3 Bd7 19. Nc3 Kc7 20. Rac1 g6
21. Qh6 Qf8 22. Qh4 Rd8 23. Nb5+ Kb8 24. Nxd6 Qxd6 25. a4 Be6 26. Bxe6 Qxe6 27. Rfe1 Qd6 28. Red1 Rhf8 29. g3 h5 30. a5 a6
31. Rb1 Qf6 32. Qxf6 Rxf6 33. Rd2= Rd5 34. Rdb2 Rf7 35. Rc2 Kc8 36. Re1 Rxa5 37. Re6 g5 38. Rh6 g4 39. Kg2 Rd5 40. Rd2 Kc7
41. h3 gxh3+ 42. Kxh3 b5 43. Rc2 Rd6 44. Rxh5 Rxd4 45. f4 a5 46. Rxb5=
1/2-1/2

[Event "The Second Jerusalem Open"]
[Site "SchemingMind.com"]
[Date "2008.09.15"]
[Round "-"]
[White "calidore"]
[Black "MarketTheHay"]
[Result "0-1"]
[WhiteCountry "ISR"]
[BlackCountry "ENG"]
[WhiteElo "1860"]
[WhiteRD "62"]
[BlackElo "1852"]
[BlackRD "73"]
[GameID "170714"]

1. e4 e5 2. Nf3 Nc6 3. Bc4 Nf6 4. d4 exd4 5. O-O Bc5 6. e5 d5 7. exf6 dxc4 8. Re1+ Be6 9. Ng5 Qd5 10. Nc3 Qf5
11. Nce4 O-O-O 12. g4 Qe5 13. fxg7 Rhg8 14. Nxe6 fxe6 15. Ng5 Qxg7 16. Nxe6 Qxg4+ 17. Qxg4 Rxg4+ 18. Kh1 Rd5 19. Nxc5 Rxc5 20. Bd2 Ne5
21. c3 d3 22. Be3 Rd5 23. Rg1 Rh4 24. Rg3 Ng4 25. Rg2 Rdh5 26. Re1 Nxh2
0-1

[Event "The Second Jerusalem Open"]
[Site "SchemingMind.com"]
[Date "2008.09.15"]
[Round "-"]
[White "calidore"]
[Black "Dr_Pat"]
[Result "0-1"]
[WhiteCountry "ISR"]
[BlackCountry "USA"]
[WhiteElo "1902"]
[WhiteRD "61"]
[BlackElo "2022"]
[BlackRD "57"]
[GameID "170715"]

1. e4 Nf6 2. e5 Nd5 3. d4 d6 4. Nf3 Bg4 5. Be2 e6 6. O-O Be7 7. c4 Nb6 8. Be3 O-O 9. Nc3 Nc6 10. exd6 cxd6
11. d5 Bxf3 12. Bxf3 Ne5 13. dxe6 fxe6 14. Bxb7 Rb8 15. Ba6 Nbxc4 16. Bxc4 Nxc4 17. Bxa7 Rxb2 18. Qg4 Qc8 19. Rac1 Rb7 20. Nb5 d5
21. a4 e5 22. Qe2 Qe6 23. Rfd1 Rxa7 24. Nxa7 Bc5 25. Nb5 Rxf2 26. Qxf2 Bxf2+ 27. Kxf2 Qb6+ 28. Ke1 Qg1+ 29. Ke2 Qxg2+ 30. Ke1 Qg1+
31. Ke2 Qxh2+ 32. Ke1 e4 33. Nd4 Qg1+ 34. Ke2 Qg2+ 35. Ke1 e3 36. Rc2 Qg1+ 37. Ke2 Qg4+ 38. Ke1 Ne5 39. Kf1 Qxd1+
0-1

[Event "The Second Jerusalem Open"]
[Site "SchemingMind.com"]
[Date "2008.09.15"]
[Round "-"]
[White "calidore"]
[Black "smothered mate"]
[Result "1-0"]
[WhiteCountry "ISR"]
[BlackCountry "POL"]
[WhiteElo "1883"]
[WhiteRD "58"]
[BlackElo "1931"]
[BlackRD "51"]
[GameID "170716"]

1. e4 c5 2. c3 e6 3. d4 cxd4 4. cxd4 d5 5. e5 Nc6 6. Nf3 f6 7. Bd3 Bb4+ 8. Bd2 Qb6 9. Nc3 Bd7 10. O-O Rc8
11. Rc1 Nxd4 12. Nxd4 Qxd4 13. Bb5 Qxe5 14. Bxd7+ Kxd7 15. Qa4+ Rc6 16. Qxb4 Rb6 17. Qa4+ Ke7 18. Rfe1 Qd6 19. Qxa7 Rxb2 20. Nxd5+ Qxd5
21. Qa3+
1-0

[Event "The Second Jerusalem Open"]
[Site "SchemingMind.com"]
[Date "2008.09.15"]
[Round "-"]
[White "reptile"]
[Black "calidore"]
[Result "1-0"]
[WhiteCountry "ISR"]
[BlackCountry "ISR"]
[WhiteElo "1905"]
[WhiteRD "73"]
[BlackElo "1868"]
[BlackRD "71"]
[GameID "170717"]

1. e4 Nf6 2. e5 Nd5 3. Nf3 d6 4. d4 Bg4 5. Be2 c6 6. O-O Bxf3 7. Bxf3 dxe5 8. dxe5 e6 9. c4 Ne7 10. Qxd8+ Kxd8
11. Bh5 g6 12. Be2 Bg7 13. f4 Nd7 14. Nc3 Kc7 15. Be3 Nf5 16. Bf2 h5 17. h4 Rhd8 18. Rfd1 Nb6 19. Ne4 Rac8 20. a4 Kb8
21. a5 Nd7 22. c5 Bh6 23. g3 Bf8 24. Rd3 Be7 25. b4 a6 26. Kg2 Nf8 27. Nd6 Bxd6 28. cxd6 Nd7 29. g4 hxg4 30. Bxg4 Rh8
31. Rh1 Rh6 32. h5 Rch8 33. Rdh3 gxh5 34. Rxh5 Rxh5 35. Rxh5 Rxh5 36. Bxh5 f6 37. Bf7 Ng7 38. exf6 Nxf6 39. Bd4 Nfh5 40. Kf3 Kc8
41. Kg4 Kd7 42. Bxh5 Nxh5 43. Kxh5 Kxd6 44. Kg5 Kd5 45. Bc5 Ke4 46. Kf6 Kxf4 47. Kxe6 Ke4 48. Kd6
1-0

[Event "The Second Jerusalem Open"]
[Site "SchemingMind.com"]
[Date "2008.09.15"]
[Round "-"]
[White "MarketTheHay"]
[Black "calidore"]
[Result "1/2-1/2"]
[WhiteCountry "ENG"]
[BlackCountry "ISR"]
[WhiteElo "1863"]
[WhiteRD "74"]
[BlackElo "1875"]
[BlackRD "68"]
[GameID "170718"]

1. e4 Nf6 2. Nc3 d5 3. e5 d4 4. exf6 dxc3 5. Nf3 cxd2+ 6. Qxd2 Qxd2+ 7. Bxd2 exf6 8. Bc3 Bc5 9. Nd4 Bd7 10. O-O-O O-O
11. h4 Bd6 12. h5 h6 13. Nb5 Bxb5 14. Bxb5 a6 15. Bc4 Nc6 16. Bd5 Nd8 17. Rhe1 Rb8 18. Bd4 Bf4+ 19. Kb1 Nc6 20. Bxc6 bxc6
21. c4 Rfe8 22. g3 Bd6 23. c5 Be5 24. Bxe5 fxe5 25. Rd7 Rb5 26. Rc1 Rb7 27. Rcd1 Kf8 28. R1d3 Re7 29. Rd8+ Re8 30. Rxe8+ Kxe8
31. Re3 f6 32. f4 Rb5 33. fxe5 Rxc5 34. exf6+ Kf7 35. fxg7 Rxh5 36. g8=Q+ Kxg8= 37. Re6 a5 38. Rxc6 Rg5 39. Rxh6 Rxg3 40. Rc6 Rg7
41. Kc2 Kf8 42. Kb3 Ke8 43. Rc5 Kd8 44. Ka4 Rg2 45. Ka3 Rg3+ 46. b3 Kc8 47. Ka4 Kb7 48. Kxa5 Rg6 49. a4 Ra6+ 50. Kb4 Rh6
51. Rb5+ Ka6 52. Kc5 Rg6 53. b4 Rh6 54. Ra5+=
1/2-1/2

[Event "The Second Jerusalem Open"]
[Site "SchemingMind.com"]
[Date "2008.09.15"]
[Round "-"]
[White "Dr_Pat"]
[Black "calidore"]
[Result "1-0"]
[WhiteCountry "USA"]
[BlackCountry "ISR"]
[WhiteElo "1970"]
[WhiteRD "60"]
[BlackElo "1883"]
[BlackRD "58"]
[GameID "170719"]

1. d4 Nf6 2. c4 e6 3. Nc3 d5 4. Bg5 Be7 5. e3 h6 6. Bh4 O-O 7. Nf3 Ne4 8. Bxe7 Qxe7 9. Rc1 Nxc3 10. Rxc3 Bd7
11. cxd5 exd5 12. Rxc7 Qb4+ 13. Qd2 Qxd2+ 14. Kxd2 Bc6 15. Ne5 a5 16. Bd3 Na6 17. Bxa6 Rxa6 18. Rc1 Rb6 19. Nxc6 bxc6 20. b3 a4
21. R1xc6 Rxc6 22. Rxc6 axb3 23. axb3 Ra8 24. b4 Ra2+ 25. Rc2 Ra1 26. b5 Kf8 27. Rc5 Ra2+ 28. Kc3 Rxf2 29. b6 Rf6 30. b7
1-0

[Event "The Second Jerusalem Open"]
[Site "SchemingMind.com"]
[Date "2008.09.15"]
[Round "-"]
[White "smothered mate"]
[Black "calidore"]
[Result "0-1"]
[WhiteCountry "POL"]
[BlackCountry "ISR"]
[WhiteElo "1931"]
[WhiteRD "51"]
[BlackElo "1883"]
[BlackRD "58"]
[GameID "170720"]

1. e4 Nf6 2. e5 Nd5 3. c4 Nb6 4. d4 d6 5. exd6 cxd6 6. d5 N8d7 7. Nc3 g6 8. Nf3 Bg7 9. Qd3 O-O 10. Bf4 Nf6
11. Be2 Bf5 12. Qd2 Rc8 13. Nd4 Nxc4 14. Bxc4 Rxc4 15. Nxf5 gxf5 16. Bh6 Ne4 17. Nxe4 Rxe4+ 18. Kf1 Rg4 19. h4 Qb6 20. Rh3 Qb5+
21. Kg1 Bxh6 22. Qxh6 Qxd5 23. f3 Qd4+ 24. Kh2 Rxg2+ 25. Kxg2 Qxb2+ 26. Kh1 Qxa1+ 27. Kg2 Qxa2+ 28. Kf1 Qb1+ 29. Ke2 Qc2+ 30. Kf1 Qd1+
31. Kf2 Qd4+ 32. Kg2 f4 33. Kh1 Rc8 34. Rh2 Qd1+ 35. Kg2 Rc2+ 36. Kh3 Qxf3#
0-1

[Event "The Second Jerusalem Open"]
[Site "SchemingMind.com"]
[Date "2008.09.15"]
[Round "-"]
[White "Schaakmaatje"]
[Black "reptile"]
[Result "0-1"]
[WhiteCountry "NED"]
[BlackCountry "ISR"]
[WhiteElo "1767"]
[WhiteRD "51"]
[BlackElo "1888"]
[BlackRD "83"]
[GameID "170756"]

1. e4 e6 2. Nf3 d5 3. e5 c5 4. b4 cxb4 5. a3 bxa3 6. d4 a6 7. Bxa3 Bxa3 8. Rxa3 Ne7 9. Bd3 Ng6 10. Qd2 O-O
11. O-O Bd7 12. g4 Nc6 13. Nc3 b5 14. Ne2 Qb6 15. h4 Rfc8 16. h5 Nf8 17. g5 Ne7 18. Nh4 Nf5 19. Nxf5 exf5 20. Qe3 a5
21. Nf4 b4 22. Raa1 a4 23. Nxd5 Qd8 24. Nf6+ Kh8 25. Qf4 b3 26. cxb3 axb3 27. Bxf5 Bxf5 28. Qxf5 Rxa1 29. Rxa1 b2 30. Rb1 Rc1+
31. Kg2 Rxb1 32. Qxb1 gxf6 33. gxf6 Qxd4 34. Qf5 Qh4 35. Qc8 Qg5+ 36. Kf3 Kg8 37. e6 Qxf6+
0-1

[Event "The Second Jerusalem Open"]
[Site "SchemingMind.com"]
[Date "2008.09.15"]
[Round "-"]
[White "Schaakmaatje"]
[Black "MarketTheHay"]
[Result "1-0"]
[WhiteCountry "NED"]
[BlackCountry "ENG"]
[WhiteElo "1804"]
[WhiteRD "46"]
[BlackElo "1861"]
[BlackRD "75"]
[GameID "170757"]

1. d4 Nf6 2. Bg5 g6 3. Bxf6 exf6 4. e3 d6 5. Bd3 Bg7 6. f4 f5 7. Nh3 Bd7 8. O-O Bc6 9. c4 d5 10. Nc3 O-O
11. b3 Re8 12. Qd2 a6 13. Rae1 Qd7 14. cxd5 Bxd5 15. Nxd5 Qxd5 16. Bc4 Qd6 17. Ng5 b5 18. Bxf7+
1-0

[Event "The Second Jerusalem Open"]
[Site "SchemingMind.com"]
[Date "2008.09.15"]
[Round "-"]
[White "Schaakmaatje"]
[Black "calidore"]
[Result "0-1"]
[WhiteCountry "NED"]
[BlackCountry "ISR"]
[WhiteElo "1804"]
[WhiteRD "46"]
[BlackElo "1902"]
[BlackRD "61"]
[GameID "170759"]

1. e4 Nf6 2. Nc3 d5 3. e5 d4 4. exf6 dxc3 5. fxg7 cxd2+ 6. Qxd2 Qxd2+ 7. Bxd2 Bxg7 8. c3 Bd7 9. Be2 Bc6 10. Nf3 Nd7
11. Rg1 O-O-O 12. Be3 a6 13. Nd4 Be4 14. f3 Bg6 15. a4 Ne5 16. Rd1 Nd7 17. Rd2 Rhe8 18. Nb3 e5 19. Kf2 f5 20. Bg5 Bf6
21. Bxf6 Nxf6 22. Rgd1 Bf7 23. Nc5 Bd5 24. c4 Bc6 25. Rxd8+ Rxd8 26. Rxd8+ Kxd8 27. a5 Ke7 28. b4 Nd7 29. Nb3 Ba4 30. Nd2 Nf8
31. b5 Ne6 32. Nb1 Nd4 33. Nc3 Bb3 34. Nd5+ Kd6 35. bxa6 bxa6 36. Bf1 Nc6 37. Ne3 f4 38. Nf5+ Ke6 39. Bd3 Nxa5 40. c5 Bc4
0-1

[Event "The Second Jerusalem Open"]
[Site "SchemingMind.com"]
[Date "2008.09.15"]
[Round "-"]
[White "Schaakmaatje"]
[Black "smothered mate"]
[Result "1/2-1/2"]
[WhiteCountry "NED"]
[BlackCountry "POL"]
[WhiteElo "1759"]
[WhiteRD "55"]
[BlackElo "1878"]
[BlackRD "51"]
[GameID "170760"]

1. d4 d5 2. Nf3 c5 3. e3 Nc6 4. c3 Bg4 5. Be2 e6 6. O-O Nf6 7. Nbd2 Bd6 8. dxc5 Bxc5 9. Nb3 Bd6 10. h3 Bxf3
11. Bxf3 O-O 12. Nd4 Rc8 13. Bd2 Ne5 14. Be2 Ne4 15. Nf3 Nc4 16. Bxc4 dxc4 17. Qc2 Nc5 18. b3 b5 19. Rad1 Nd3 20. Bc1 Qb6
21. Ne1 Ne5 22. Bb2 Bb8 23. Rd4 Rfd8 24. Qd2 Qc7 25. f4 Nc6 26. Rxd8+ Rxd8 27. Qe2 Qb6 28. Kh1 Qa6 29. Bc1 Na5 30. b4 Nb7
31. e4 Nd6 32. Nf3 Qb7 33. Re1 Ne8 34. Nd4 e5 35. Nf5 exf4 36. Qg4 Qc7 37. e5 f3 38. gxf3 f6 39. f4 fxe5 40. fxe5 Rd3
41. Nd4 Nf6 42. Qe6+ Kh8 43. Bf4 Qb7+ 44. Kg1 Ng8 45. Qc6 Qf7 46. Qe4 Rxh3 47. e6 Qxf4 48. Qxf4 Bxf4 49. e7 Nxe7 50. Rxe7 h5
51. Nxb5 h4 52. Re4 Be3+ 53. Kg2 Rg3+ 54. Kh2 g5 55. Nd6 Bg1+ 56. Kh1 Bb6 57. Nxc4 Rxc3 58. Nxb6 axb6 59. Rg4 Rc1+ 60. Kh2 Rc2+
61. Kh3 Rxa2 62. Rxg5 Ra4 63. Rb5 Ra6= 64. Kxh4 Kg7 65. Kg4 Kf6 66. Kf4 Ke6 67. Ke4 Kd6 68. Kd4= Kc6 69. Kc4 Ra1 70. Rh5 b5+
71. Kb3=
1/2-1/2

[Event "The Second Jerusalem Open"]
[Site "SchemingMind.com"]
[Date "2008.09.14"]
[Round "-"]
[White "reptile"]
[Black "Schaakmaatje"]
[Result "1-0"]
[WhiteCountry "ISR"]
[BlackCountry "NED"]
[WhiteElo "1881"]
[WhiteRD "83"]
[BlackElo "1804"]
[BlackRD "46"]
[GameID "170761"]

1. d4 d5 2. c4 c6 3. Nf3 e6 4. Nc3 Be7 5. g3 Nf6 6. cxd5 exd5 7. Bg2 Nbd7 8. O-O O-O 9. a3 h6 10. b4 Re8
11. b5 Bf8 12. bxc6 bxc6 13. Rb1 Ba6 14. Re1 Bd6 15. Qa4 Qc8 16. Nd2 Nb6 17. Qc2 c5 18. Nf3 cxd4 19. Nxd4 Ne4 20. Bb2 Bxa3
21. Bxe4 Rxe4 22. Nxe4 Qxc2 23. Nxc2 Bxb2 24. Nc5 Bc3 25. Nxa6 Bxe1 26. Rxe1 Rc8 27. Ncb4 Rc4 28. e3 d4 29. exd4 Rxd4 30. Re8+ Kh7
31. Re7 Nc4 32. Rxf7 Ne5 33. Rxa7 Nf3+ 34. Kg2 Ne1+ 35. Kf1 Nf3 36. h4 Nd2+ 37. Ke2 Nc4 38. Nc6 Rd2+ 39. Ke1 Rd6 40. Nab4 Re6+
41. Kf1 Nd2+ 42. Kg2 Ne4 43. Re7 Rxe7 44. Nxe7 g5 45. h5 g4 46. Nbd5 Kg7 47. Nf5+ Kh7 48. Nde3 Nf6 49. Kf1 Nxh5 50. Nxg4 Kg6
51. Nfxh6 Kg5 52. Kg2 Kg6 53. f4 Ng7 54. Kh3 Ne8 55. f5+ Kg5 56. Kg2 Nd6 57. f6 Kg6 58. Kf3 Kh7 59. Kf4 Kg6 60. Ke5 Nc4+
61. Ke6
1-0

[Event "The Second Jerusalem Open"]
[Site "SchemingMind.com"]
[Date "2008.09.14"]
[Round "-"]
[White "MarketTheHay"]
[Black "Schaakmaatje"]
[Result "1-0"]
[WhiteCountry "ENG"]
[BlackCountry "NED"]
[WhiteElo "1861"]
[WhiteRD "75"]
[BlackElo "1804"]
[BlackRD "46"]
[GameID "170762"]

1. e4 c5 2. Nf3 d6 3. d4 cxd4 4. Nxd4 g6 5. Nc3 Nf6 6. Nd5 Nxd5 7. exd5 Bg7 8. Bb5+ Bd7 9. Bxd7+ Qxd7 10. O-O Na6
11. Be3 Nc5 12. c3 O-O 13. h4 h5 14. f3 a6 15. a4 b5 16. axb5 axb5 17. Nc6 e6 18. Rxa8 Rxa8 19. Bxc5 dxc5 20. Re1 Kf8
21. Qd3 exd5 22. Qxb5 Qd6 23. Qb7 Re8 24. Rxe8+
1-0

[Event "The Second Jerusalem Open"]
[Site "SchemingMind.com"]
[Date "2008.09.14"]
[Round "-"]
[White "Dr_Pat"]
[Black "Schaakmaatje"]
[Result "1-0"]
[WhiteCountry "USA"]
[BlackCountry "NED"]
[WhiteElo "1985"]
[WhiteRD "61"]
[BlackElo "1837"]
[BlackRD "46"]
[GameID "170763"]

1. d4 d5 2. c4 c6 3. Nc3 e6 4. Nf3 Be7 5. e4 dxe4 6. Nxe4 Nf6 7. Bd3 Na6 8. O-O O-O 9. Nxf6+ Bxf6 10. Be3 Nc7
11. Ne5 c5 12. Bc2 cxd4 13. Bxd4 Qe7 14. Qd3 g6 15. Qe3 Bg7 16. Bc5
1-0

[Event "The Second Jerusalem Open"]
[Site "SchemingMind.com"]
[Date "2008.09.15"]
[Round "-"]
[White "calidore"]
[Black "Schaakmaatje"]
[Result "1-0"]
[WhiteCountry "ISR"]
[BlackCountry "NED"]
[WhiteElo "1902"]
[WhiteRD "61"]
[BlackElo "1804"]
[BlackRD "46"]
[GameID "170764"]

1. e4 d5 2. exd5 Nf6 3. Nc3 Nxd5 4. Bc4 c6 5. Qf3 e6 6. Nge2 Bd6 7. d3 Nd7 8. Ne4 Be7 9. Bf4 N7f6 10. c3 Nxe4
11. dxe4 Nf6 12. O-O O-O 13. Bb3 Qa5 14. Rfe1 Qh5 15. Qe3 e5 16. Bg3 Kh8 17. h3 h6 18. Bh2 Nd7 19. Ng3 Qg5 20. Nf5 Qxe3
21. Rxe3 Bc5 22. Re2 Kh7 23. Rd1 g6 24. Nd6 Bxd6 25. Rxd6 f6 26. f3 Re8 27. Be6 Re7 28. Bxd7 Rxd7 29. Rxf6 Re7 30. Rd2 Bd7
31. Rfd6 Be8 32. Kf2 Bf7 33. Rd7 Rae8 34. Bxe5 Bxa2 35. f4 Kg8 36. R2d6 Kh7 37. Ke3 Bc4 38. g3 c5 39. Rxe7+ Rxe7 40. Rd8 Bg8
41. Bd6
1-0

[Event "The Second Jerusalem Open"]
[Site "SchemingMind.com"]
[Date "2008.09.14"]
[Round "-"]
[White "smothered mate"]
[Black "Schaakmaatje"]
[Result "1-0"]
[WhiteCountry "POL"]
[BlackCountry "NED"]
[WhiteElo "1931"]
[WhiteRD "51"]
[BlackElo "1851"]
[BlackRD "48"]
[GameID "170765"]

1. e4 c5 2. c3 e5 3. Bc4 d6 4. Qb3 Qc7 5. Na3 a6 6. d4 b5 7. Bd5 c4 8. Qd1 Bb7 9. dxe5 dxe5 10. Bg5 Nd7
11. Nc2 Ngf6 12. Ne3 Nxe4 13. Bh4 Ndc5 14. Nf3 Nd3+ 15. Ke2 Rd8 16. Bxd8 Kxd8 17. Bxb7 Qxb7 18. Nxe5 Nxf2 19. Qc2 Nxh1 20. Nxd3 Qe4
21. Rxh1 cxd3+ 22. Qxd3+ Qxd3+ 23. Kxd3 Bd6 24. Nf5 Be5 25. Ke4 Bf6 26. Rd1+ Kc7 27. Ne3 Rd8 28. Nd5+ Kc6= 29. Nb4+ Kb6 30. Rxd8 Bxd8
31. Kd5 Bg5 32. Nd3 Kc7 33. b4 Be3 34. Ne5 f5 35. Nf3 Kd7 36. Ke5 g6 37. Kf6 Bc1 38. Kg7 Bb2 39. Kxh7 Bxc3 40. Kxg6 Ke6
41. h4 Bxb4 42. Nd4+ Ke5 43. Nc6+
1-0